| 000 | 00586nam a2200205 a 4500 | ||
|---|---|---|---|
| 005 | 20250430063805.0 | ||
| 008 | 040308s1997 mx r 000 0 spa d | ||
| 020 | _a9682434866 | ||
| 035 | _aUPN01000132529 | ||
| 049 | _aCG | ||
| 050 | 4 |
_aPN4784 T4 _bG8.5 |
|
| 100 | 1 | _aGutiérrez González, Mónica D. | |
| 245 | 1 | 0 |
_aManual de periodismo televisivo / _cMónica D. Gutiérrez González. |
| 260 |
_aMéxico : _bTrillas : _c1997. |
||
| 300 | _a53 p. | ||
| 440 | 0 | _aPeriodismo sin fronteras | |
| 650 | 4 | _aNOTICIEROS POR TELEVISION | |
| 650 | 4 |
_aPeriodismo _910230 |
|
| 905 | _aLibro | ||
| 999 |
_c104683 _d104683 |
||